00482nam a2200133Ia 4500008004100000020001800041082002000059100004400079245007400123260005900197300001100256440002800267650005300295120622s9999 xx 000 0 und d a968-16-1724-X a086.1 L471 v.55 aGutiérrez Nájera, Manuel, 1859-1895 aLa novela del tranvía y otros cuentos / Manuel Gutiérrez Nájera aMéxico : Fondo de Cultura Económica ; SEP, Cultura a164 p. aLecturas mexicanas ; 55 a1. CUENTOS MEXICANOS \ 2. LITERATURA MEXICANAÌ